000 00592nam a22001937a 4500
005 20250626124509.0
010 _aUR-10790
020 _c50.00
_a-
035 _aU-9345
037 _bDBAD/PUB
082 _aک
100 _aفر يد ہ حفيظ
_982381
245 _aد ر خت کی نصيحت
_cفر يد ہ حفيظ
246 _bDarakht Ki Nasihat (Urdu)
_aby Farida Hafeez
260 _aDelhi
_bEducational Publishing House
_c2009 ء
270 _a3108,Gali Vakil Kucha Pandit Lal Kuan
_bDelhi
_e6
_k23216162
_l-
300 _a24 ص
_c22 Cm(Hb)
942 _2ddc
_cUR
_hک
_mف ر ی
999 _c174391
_d174391